| 000 | 00710nam a2200229Ia 4500 | ||
|---|---|---|---|
| 001 | 18374 | ||
| 003 | GE_BSU | ||
| 008 | 181216s||||||||xx |||||||||||||| ||und|| | ||
| 020 | _a978-9941-445-67-5 | ||
| 040 | _cGE_BSU | ||
| 080 | _a821.133.1-84 | ||
| 100 | _aვალერი, პ. (პოლ, 1871-1945) | ||
| 245 | _aაზრები | ||
| 245 | _cფრანგ. თარგმნა ბაჩანა ბრეგვაძემ ; რედ. ირმა ჩინჩალაძე | ||
| 260 | _aთბილისი | ||
| 260 | _bარტანუჯი | ||
| 260 | _c2015 | ||
| 300 | _a236 გვ. ; 20 სმ. | ||
| 541 | _h12ლ.50თ. | ||
| 653 | _aაზრები | ||
| 942 | _cBK | ||
| 999 |
_c51389 _d51389 |
||